=LDR 00000nam 2200000 4500 =001 INLIS000000000054568 =005 20200213015224 =035 ##$$a 0010-0220000130 =007 ta =008 200213###########################0#ind## =020 ##$$a 978-979-055-529-7 =082 ##$$a 297.73 =084 ##$$a 297.73 Sri m =245 1#$$a Mukjizat - Mukjizat dalam Al Qur'an /$c Sri Al Hidayati =250 ##$$a Cet 3 =300 ##$$a iii, 29 halaman : $b Ilustrasi ; $c 27 Cm. =650 #4$$a Pendidikan Islam =700 #$$a Editor ; Abdul Wahab =740 ##$$a Quranic Questions & Answers =264 ##$$a Bandung :$b Sygms Kaya Imaji,$c 2018 =336 ##$$a teks$2 rdacontent =337 ##$$a lain-lain$2 rdamedia =338 ##$$a lain-lain$2 rdacarrier =990 ##$$a 5326153261 =990 ##$$a 5326153261